| 000 | 00685nam a22002177a 4500 | ||
|---|---|---|---|
| 005 | 20211027111439.0 | ||
| 008 | s2009 eng d | ||
| 020 | _a9780521698016 | ||
| 040 | _a์NALT | ||
| 041 | _aeng | ||
| 090 | _aKS 54.4.G7 F67C 2009 | ||
| 100 | 0 | _aFortin, Jane | |
| 245 | 1 | 0 | _aChildren's rights and the developing law [3rd] |
| 260 | 3 |
_aCambridge : _bCambridge University Press, _c2009 |
|
| 300 |
_a804 p. ; _b 25 cm. |
||
| 650 | 0 | 4 | _aChildren is rights -- Great Britain |
| 650 | 0 | 4 | _aChildren -- Legal status, laws, etc. -- Great Britain |
| 850 | _aNALT | ||
| 942 |
_cLB _2lcc |
||
| 998 |
_j1020 _k จำเรียง ระวังสำโรง |
||
| 999 |
_c62167 _d62167 |
||